000 00465cam a2200181ua 4500
001 445
008 110406n ii |||gr||||Z||||||eng
020 _a81-7117-093-5
040 _cMAIN
082 _a324.2541
245 1 _aRegional political parties in North East India
250 _bedited by L.S. Gassah.
260 _aGuwahati:
_bOmsons ,992.
300 _aix,246p.:
_c20cm.
653 _aPolitical science
653 _aRegional political science
942 _cBK
999 _c389
_d389